10 państw najbliżej Rosji z wyjątkami - Statystyki

Ogólne statystyki
  • Ten quiz został rozwiązany 76 razy
  • Średni wynik to 8 z 10
Statystyki odpowiedzi
km Państwo % Poprawnych
244 Szwecja
87%
23 Japonia
86%
454 Korea Południowa
84%
4 Stany Zjednoczone
83%
165 Turcja
80%
140 Armenia
77%
381 Niemcy
77%
297 Dania
69%
1505 Kanada
67%
322 Turkmenistan
60%
Nie znaleziono quizów pasujących do podanych kryteriów
Rozkład punktacji
Procent ludzi z każdym wynikiem
Percentyl według liczby udzielonych odpowiedzi
Twoja historia wyników
Nie rozwiązałeś tego quizu